Bandiere Miste - Statistics

Statistiche generali
  • Questo quiz è stato fatto 77 volte
  • Il punteggio medio è 11 su 16
Risposte nella Mappa
Le risposte nella mappa del quiz sottostante sono codificate secondo una scala di colori dal rosso al verde in base alla % di persone che hanno risposto correttamente.
 
Statistiche sulle risposte
Nazione % Corretto
Corea del Sud
97%
Bielorussia
95%
Regno Unito
94%
Serbia
91%
Sri Lanka
89%
Ecuador
85%
Seychelles
79%
Zambia
76%
Kiribati
67%
eSwatini
62%
Antigua e Barbuda
58%
Oman
53%
Vanuatu
53%
Isole Marshall
50%
Tuvalu
44%
Grenada
18%
Nessun quiz corrispondente trovato
Distribuzione punteggi
Percentuale di utenti per punteggio
Percentile per numero di risposta
I tuoi punteggi nel tempo
Non hai fatto questo quiz